El docente y los programas escolares: (Record no. 118016)

MARC details
000 -LEADER
fixed length control field 00774cac a2200217 4500
008 - FIXED-LENGTH DATA ELEMENTS--GENERAL INFORMATION
fixed length control field 070529t20052005mx 000 0 spa u
020 ## - INTERNATIONAL STANDARD BOOK NUMBER
International Standard Book Number 8487682642
100 1# - MAIN ENTRY--PERSONAL NAME
Personal name Díaz Barriga, Ángel
245 13 - TITLE STATEMENT
Title El docente y los programas escolares:
Remainder of title lo institucional y lo didáctico /
Statement of responsibility, etc Ángel Díaz Barriga.
260 ## - PUBLICATION, DISTRIBUTION, ETC. (IMPRINT)
Place of publication, distribution, etc Barcelona, España:
Name of publisher, distributor, etc Pomares,
Date of publication, distribution, etc c2005
300 ## - PHYSICAL DESCRIPTION
Extent 159 p. ;
Dimensions c2005
440 #0 - SERIES STATEMENT/ADDED ENTRY--TITLE
Title Educación superior en América Latina
504 ## - BIBLIOGRAPHY, ETC. NOTE
Bibliography, etc Bibliografía: p. 147-155
504 ## - BIBLIOGRAPHY, ETC. NOTE
Bibliography, etc Incluye índices
650 #4 - SUBJECT ADDED ENTRY--TOPICAL TERM
Topical term or geographic name as entry element Universidades y colegios
General subdivision Curriculum
650 #4 - SUBJECT ADDED ENTRY--TOPICAL TERM
Topical term or geographic name as entry element Participación del maestro en la planificación curricular
650 #4 - SUBJECT ADDED ENTRY--TOPICAL TERM
Topical term or geographic name as entry element Enseñanza universitaria
General subdivision Metodología
942 ## - ADDED ENTRY ELEMENTS (KOHA)
Source of classification or shelving scheme Biblioteca del Cogreso de los Estados Unidos
Koha item type Libro
Holdings
Estado de pérdida Fuente de clasificación Estado del daño No para préstamo Ubicación permanente Ubicación actual Apartado o colección Fecha de adquisición Edición Dependencia de educación superior (DES) Área del conocimiento Clasificación Código de Barras Date last seen Número de copia Tipo de recurso
  Biblioteca del Cogreso de los Estados Unidos     Biblioteca de la Facultad de Odontología Biblioteca de la Facultad de Odontología General 12/08/2016 1a. ed. Ciencias de la Salud Educación y Humanidades LB2361 D53 2005 BFO000002773 12/08/2016 C:4 Libro
  Biblioteca del Cogreso de los Estados Unidos     Biblioteca de la Facultad de Odontología Biblioteca de la Facultad de Odontología General 12/08/2016 1a. ed. Ciencias de la Salud Educación y Humanidades LB2361 D53 2005 BFO000002772 12/08/2016 C:3 Libro
  Biblioteca del Cogreso de los Estados Unidos     Biblioteca de la Facultad de Odontología Biblioteca de la Facultad de Odontología General 12/08/2016 1a. ed. Ciencias de la Salud Educación y Humanidades LB2361 D53 2005 BFO000002771 12/11/2018 C:2 Libro
  Biblioteca del Cogreso de los Estados Unidos     Biblioteca de la Facultad de Odontología Biblioteca de la Facultad de Odontología General 12/08/2016 1a. ed. Ciencias de la Salud Educación y Humanidades LB2361 D53 2005 BFO000002770 12/08/2016 C:1 Libro